01459nam a2200409 a 4500999001500000001001900015003000400034005001700038008004100055017002100096020001500117020001800132035002500150035002100175040002400196041001300220080001200233090002700245100002200272245011800294260003600412300001900448490002500467500003500492504002600527650003800553650006000591650005900651700003200710740002100742830002500763907007000788908005800858940000800916942001300924952011200937 c7554d7554991052656789706706OSt20211217121132.0991124s1999 sp |||||| 000 ||spa|c aDL M. 29123-1999 a8437617464 a9788437617466 a(ES-BaCBU).b23920154 a(OCoLC)807461907 aES-BaCBUbcatcCDMR1 aspaheng a301.153 aP95.82.U6bH47518 19991 aHerman, Edward S.14aLos Medios globales :blos nuevos misioneros del capitalismo corporativo /cEdward S. Herman, Robert W. McChesney aMadrid :bCátedra,ccop. 1999 a322 p.;c21 cm aSigno e imagen; v54 aTít. orig.: The global media aBibliografia. Índex00aComunicació internacional9219004aMitjans de comunicació de massaxAspectes econòmics04aMitjans de comunicació de massaxAspectes polítics1 aMcChesney, Robert Waterman,4 aThe Global media 0aSigno e imagen ;v54 a.b23920154b17-06-21c08-05-08d24-11-99emfag-hspaispj4k10 aUABaUAOaUBaUdGaUdLaUJIaURVaUVic-UCCaURLaGEPA aUAB 2udccMON 00104070aCDMRbCDMRd2021-12-17eDonacióg19.60l0oCa 8/38pCDMR21120090r2021-12-17w2021-12-17yMON